[Event "Tournoi Skype 026B"]
[Site "Skype"]
[Date "????.??.??"]
[Round "5.5"]
[White "Galani, Mahendra"]
[Black "Hernandez Lopez, Joaquin"]
[Result "1-0"]
[WhiteElo "1437"]
[BlackElo "1277"]
[PlyCount "65"]

1. e4 e5 2. Ne2 Nf6 3. Ng3 d6 4. Nc3 a6 5. Bc4 c6 6. a4 d5 7. exd5 cxd5 8. Ba2
Bc5 9. Qe2 Nc6 10. d3 Bd4 11. Nd1 Qa5+ 12. c3 O-O 13. O-O Ba7 14. Bb1 Bg4 15.
Qc2 Rae8 16. b4 Qd8 17. Ne3 d4 18. Nxg4 Nxg4 19. Qe2 dxc3 20. Qxg4 Nd4 21. Bh6
Qf6 22. Bg5 Qg6 23. Qh4 Nf5 24. Nxf5 Qxf5 25. Bc2 Re6 26. Rac1 Rg6 27. Be3 Rg4
28. Qh3 Bxe3 29. fxe3 Qg6 30. Rf2 Rxb4 31. d4 f5 32. Bxf5 Qh6 33. Be6+ 1-0

[Event "Tournoi Skype 026B"]
[Site "Skype"]
[Date "????.??.??"]
[Round "5.6"]
[White "Khatanhar, Mohit"]
[Black "Duthoit, Bernard"]
[Result "0-1"]
[WhiteElo "1256"]
[BlackElo "1378"]
[PlyCount "52"]

1. e4 e6 2. Nf3 c5 3. d3 Nc6 4. c4 Nge7 5. Be2 Ng6 6. Be3 a6 7. Nbd2 b5 8. cxb5
axb5 9. b3 Bb7 10. O-O Be7 11. Qc1 d6 12. Qb2 Bf6 13. d4 O-O 14. Qc2 cxd4 15.
Nxd4 Nxd4 16. Bxd4 Bxd4 17. Rfe1 b4 18. Nf3 Rc8 19. Qd3 Bc3 20. Rad1 d5 21.
exd5 Bxd5 22. Qe3 h6 23. Bc4 Qa5 24. Bxd5 exd5 25. Qe2 Nf4 26. Qe5 Bxe5 0-1

[Event "Tournoi Skype 026B"]
[Site "Skype"]
[Date "????.??.??"]
[Round "5.7"]
[White "Rodriguez, Nathalie"]
[Black "Amato, Ludovica"]
[Result "0-1"]
[WhiteElo "1268"]
[BlackElo "1368"]
[PlyCount "66"]

1. d4 d5 2. Bf4 Nf6 3. e3 c5 4. c3 Qb6 5. Nd2 Qxb2 6. Be2 Bf5 7. Rc1 e6 8. Ngf3
Nc6 9. Nh4 Bg6 10. Nxg6 hxg6 11. O-O Be7 12. Bg3 O-O 13. f4 Qa3 14. Qc2 cxd4
15. cxd4 Qxe3+ 16. Rf2 Nxd4 17. Qd3 Nxe2+ 18. Qxe2 Qxe2 19. Rxe2 Rac8 20. Rxc8
Rxc8 21. Bf2 Rc1+ 22. Re1 Rxe1+ 23. Bxe1 Bb4 24. Kf1 Ne4 25. Nxe4 Bxe1 26. Kxe1
dxe4 27. Ke2 f5 28. g3 Kf7 29. Ke3 Kf6 30. Kd4 b6 31. Ke3 e5 32. a3 b5 33.
fxe5+ Kxe5 0-1

[Event "Tournoi Skype 026B"]
[Site "Skype"]
[Date "????.??.??"]
[Round "5.8"]
[White "Mantelli, Luca"]
[Black "Conde, Abigail"]
[Result "1-0"]
[WhiteElo "1347"]
[BlackElo "1068"]
[PlyCount "61"]

1. e4 e5 2. Nf3 d5 3. exd5 Qxd5 4. Nc3 Qe6 5. Bb5+ c6 6. Ba4 a6 7. O-O Nf6 8.
Nxe5 Qxe5 9. Re1 Ne4 10. Rxe4 Bd6 11. Rxe5+ Bxe5 12. Qe1 Nd7 13. d4 O-O 14.
dxe5 b5 15. Bb3 Nc5 16. Be3 Ne6 17. Ne4 Bb7 18. Nd6 Bc8 19. Nxc8 Raxc8 20. Rd1
c5 21. c3 c4 22. Bc2 g6 23. Bh6 Rfe8 24. Qe2 Nc5 25. f4 f6 26. Rd5 f5 27. Qf3
a5 28. Qg3 Kf7 29. Qg5 Ne6 30. Qf6+ Kg8 31. Rd6 1-0

[Event "Tournoi Skype 026B"]
[Site "Skype"]
[Date "????.??.??"]
[Round "5.9"]
[White "Malbec, Robert"]
[Black "Cayllahua, Braulio Idme"]
[Result "0-1"]
[WhiteElo "1322"]
[BlackElo "1000"]
[PlyCount "84"]

1. e4 d5 2. exd5 Qxd5 3. Nc3 Qd8 4. Nf3 c6 5. d4 Bf5 6. Bd3 Bg6 7. Bxg6 hxg6 8.
Ne5 e6 9. Be3 Nf6 10. Bg5 Be7 11. Bxf6 Bxf6 12. Nf3 Nd7 13. O-O Nb6 14. Ne4 Be7
15. b3 Qd5 16. Re1 Qf5 17. Ng3 Qf4 18. Re4 Qc7 19. Ne5 Nd5 20. Qf3 Bf6 21. c4
Bxe5 22. Rxe5 Nf6 23. Ne4 Nd7 24. Rg5 Qxh2+ 25. Kf1 Ne5 26. dxe5 O-O-O 27. Ke2
Rd7 28. Nd6+ Kc7 29. Rg4 Qxe5+ 30. Qe3 Qxa1 31. Qd2 Rxd6 32. Qf4 Qb2+ 33. Kf3
Qf6 34. Kg3 Qxf4+ 35. Kxf4 Rh1 36. f3 Ra1 37. a4 Rb1 38. Ke5 Rd7 39. b4 Rxb4
40. c5 Rxg4 41. fxg4 Rd5+ 42. Kf4 Rxc5 0-1

[Event "Tournoi Skype 026B"]
[Site "Skype"]
[Date "????.??.??"]
[Round "5.10"]
[White "Aroucha, Abraao"]
[Black "De Nobrega, George"]
[Result "1-0"]
[WhiteElo "1000"]
[BlackElo "1301"]
[PlyCount "61"]

1. c4 e5 2. d3 Nc6 3. g3 Nf6 4. Bg2 d5 5. cxd5 Nxd5 6. Nf3 Nf6 7. a3 Be6 8. O-O
Bc5 9. Bg5 Bf5 10. b4 Be7 11. Nc3 O-O 12. b5 Nb8 13. Nh4 Bc8 14. Re1 c6 15. Nf3
Nfd7 16. Be3 Bf6 17. Rc1 Nb6 18. Ne4 Nd5 19. Bc5 Re8 20. Nd6 Re6 21. Bh3 Bg5
22. Nxg5 Rg6 23. Bxc8 Nd7 24. Ngxf7 Qh4 25. Nf5 Qh3 26. Bxd7 Nf4 27. Ne7+ Kxf7
28. Bxh3 Nxh3+ 29. Kg2 Rh6 30. Qb3+ Ke8 31. Qg8+ 1-0

[Event "Tournoi Skype 026B"]
[Site "Skype"]
[Date "????.??.??"]
[Round "5.11"]
[White "Luunge, Abdi"]
[Black "Castellar, Juarez Iorio"]
[Result "0-1"]
[WhiteElo "1000"]
[BlackElo "1294"]
[PlyCount "84"]

1. e4 c5 2. Nf3 d6 3. Bd3 Nf6 4. h3 e6 5. c3 Be7 6. Bc2 Nc6 7. O-O O-O 8. d3 a6
9. d4 cxd4 10. cxd4 Nb4 11. e5 Nxc2 12. Qxc2 Nd5 13. Nc3 Bd7 14. Ne4 Rc8 15.
Qb1 dxe5 16. Neg5 g6 17. dxe5 Bb5 18. Rd1 Qc7 19. Qe4 Qc2 20. Qh4 Qxd1+ 21. Kh2
h5 22. Qe4 Qd3 23. Nd4 Qxe4 24. Nxe4 Rc4 25. Be3 Bc5 26. Nxb5 Bxe3 27. Nbd6
Bf4+ 28. g3 Bxe5 29. Nxc4 Bf6 30. Ncd6 b5 31. Rb1 Rd8 32. Nb7 Rc8 33. b3 Rc2
34. a4 Bd4 35. axb5 axb5 36. Nbd6 b4 37. Rd1 Bxf2 38. Nxf2 Rxf2+ 39. Kg1 Rb2
40. Rd3 Nc3 41. Kf1 Rxb3 42. Nb5 Rb1+ 0-1

[Event "Tournoi Skype 026B"]
[Site "Skype"]
[Date "????.??.??"]
[Round "5.13"]
[White "Battaglia, Gabriele"]
[Black "Perez, Luis Horacio"]
[Result "0-1"]
[WhiteElo "1243"]
[BlackElo "1323"]
[PlyCount "72"]

1. Nf3 Nf6 2. g3 d6 3. Bg2 Bf5 4. O-O e5 5. d3 Be7 6. Nbd2 O-O 7. Nh4 Be6 8.
Bxb7 Nbd7 9. Bxa8 Qxa8 10. Nhf3 Bh3 11. Re1 d5 12. e4 dxe4 13. dxe4 a5 14. c3
Nc5 15. Qe2 Rd8 16. Nxe5 Re8 17. Qc4 Ne6 18. Qc6 Qc8 19. Ndc4 Nc5 20. f4 Ncxe4
21. Nxa5 Bc5+ 22. Be3 Bxe3+ 23. Rxe3 Nd2 24. Rd1 Nf1 25. Red3 Ne3 26. Rxe3 h6
27. Nb3 Re6 28. Qc4 Qa8 29. Rd2 Ng4 30. Red3 Qxa2 31. Rd8+ Kh7 32. Qd3+ g6 33.
Nc1 Qa7+ 34. Kh1 Nf2+ 35. Rxf2 Qxf2 36. Qf3 Qe1+ 0-1

[Event "Tournoi Skype 026B"]
[Site "Skype"]
[Date "????.??.??"]
[Round "5.15"]
[White "Mhabdi, Mahesh"]
[Black "Bustos, Ricardo"]
[Result "1/2-1/2"]
[WhiteElo "1287"]
[BlackElo "1243"]
[PlyCount "68"]

1. e4 c5 2. Nf3 d6 3. d4 cxd4 4. Qxd4 Nf6 5. Bc4 e6 6. Bf4 Be7 7. e5 Nc6 8. Bb5
Qa5+ 9. Nc3 O-O 10. Bxc6 dxe5 11. Nxe5 bxc6 12. Nxc6 Qc5 13. Qxc5 Bxc5 14.
O-O-O Bb7 15. Ne5 Bxg2 16. Rhg1 Bd5 17. Rg3 Bxf2 18. Rgd3 Bb6 19. Bg5 Ne4 20.
Nxd5 exd5 21. Rxd5 Nxg5 22. Nd7 Be3+ 23. Kb1 Rfe8 24. Re1 Nf3 25. Re2 Bg1 26.
Rxe8+ Rxe8 27. c4 Re1+ 28. Kc2 Nd4+ 29. Kc3 Rc1+ 30. Kb4 Nc6+ 31. Kb5 Ne7 32.
Re5 a6+ 33. Kxa6 Rxc4 34. Rxe7 Rc6+ 1/2-1/2

[Event "Tournoi Skype 026B"]
[Site "Skype"]
[Date "????.??.??"]
[Round "5.16"]
[White "Maccaferri, Massimo"]
[Black "Rivalta, Paolo"]
[Result "1-0"]
[WhiteElo "1160"]
[BlackElo "1440"]
[PlyCount "69"]

1. e4 e5 2. b3 Nf6 3. Bb2 d6 4. Nc3 Nc6 5. Qf3 Bg4 6. Qg3 Be7 7. f3 Bh5 8.
O-O-O O-O 9. h4 Nb4 10. Nh3 a5 11. a3 Nc6 12. Be2 Bg6 13. f4 Bxe4 14. Nxe4 Nxe4
15. Qe3 d5 16. fxe5 Nxe5 17. Bxe5 Bxa3+ 18. Kb1 Qe7 19. Qd4 f6 20. Qxd5+ Qf7
21. Qxf7+ Rxf7 22. Bd4 Rd7 23. Be3 Bb4 24. Rde1 a4 25. Bf4 axb3 26. Bc4+ Kf8
27. Rxe4 bxc2+ 28. Kxc2 c6 29. Rf1 b5 30. Bb3 h6 31. Be5 Rxd2+ 32. Kc1 Re8 33.
Rxb4 Rxg2 34. Bd6+ Re7 35. Re1 1-0

[Event "Tournoi Skype 026B"]
[Site "Skype"]
[Date "????.??.??"]
[Round "5.17"]
[White "Gerbaux, Regis"]
[Black "Chavez, Isidro"]
[Result "1-0"]
[WhiteElo "1404"]
[BlackElo "1217"]
[PlyCount "39"]

1. d4 d5 2. Bf4 Nd7 3. e3 c6 4. Nf3 g6 5. Nbd2 Bg7 6. c3 Ngf6 7. Ne5 Nb6 8. Bd3
Nh5 9. Bg5 Bxe5 10. dxe5 Qc7 11. f4 Bd7 12. Qf3 Na4 13. b3 Nc5 14. Bc2 a5 15.
O-O Ne6 16. Bh4 Nc5 17. e4 e6 18. f5 Qxe5 19. fxg6 hxg6 20. Qxf7# 1-0

[Event "Tournoi Skype 026B"]
[Site "Skype"]
[Date "????.??.??"]
[Round "5.18"]
[White "Vincent, Andre"]
[Black "Conde, Carmen"]
[Result "1/2-1/2"]
[WhiteElo "1358"]
[BlackElo "1201"]
[PlyCount "88"]

1. d4 e6 2. Bf4 h6 3. e3 Be7 4. Nf3 Nf6 5. c3 a6 6. Nbd2 d6 7. Bd3 Nbd7 8. a3
b5 9. O-O Bb7 10. e4 O-O 11. Qc2 Re8 12. Rfe1 e5 13. dxe5 dxe5 14. Nxe5 Nc5 15.
b4 Nxd3 16. Nxd3 Nh5 17. Bg3 Qd7 18. f3 Bf6 19. Nc5 Qc6 20. Nxb7 Qxb7 21. Re2
Qc6 22. Rc1 Bxc3 23. Qxc3 Qg6 24. Bxc7 Rac8 25. Qe3 Re7 26. Nb3 Rexc7 27. Rxc7
Rxc7 28. Nc5 Kh7 29. g4 Nf6 30. Qf4 Rc6 31. Qf5 Nh5 32. Qxg6+ Rxg6 33. Kf2 Nf4
34. Rd2 Nh3+ 35. Kg2 Ng5 36. Rd5 Rf6 37. Nd7 Rxf3 38. Nf8+ Kg8 39. Rd8 Rxa3 40.
Ne6+ Kh7 41. Nf8+ Kg8 42. Ne6+ Kh7 43. Nf8+ Kh8 44. Ne6+ Kh7 1/2-1/2

[Event "Tournoi Skype 026B"]
[Site "Skype"]
[Date "????.??.??"]
[Round "5.19"]
[White "De Coninck, Philippe"]
[Black "Cengiz, Ali Ekber"]
[Result "1-0"]
[WhiteElo "1352"]
[BlackElo "1153"]
[PlyCount "81"]

1. e4 e5 2. Nf3 Nc6 3. Bb5 a6 4. Bxc6 bxc6 5. d4 exd4 6. Qxd4 d6 7. Qc4 d5 8.
Qxc6+ Bd7 9. Qxd5 Be6 10. Qe5 Qf6 11. Qxc7 Rc8 12. Qb6 Bc4 13. Nc3 Bc5 14. Qb7
Ne7 15. Bg5 Qc6 16. Qxc6+ Rxc6 17. Bxe7 Bxe7 18. Ne5 Rc7 19. O-O-O Be6 20. Rd4
Bc5 21. Rd2 O-O 22. Rhd1 Be7 23. Ne2 f6 24. Nf4 Bc8 25. Nd5 Rb7 26. Nxe7+ Rxe7
27. Nc6 Ree8 28. Rd6 Bg4 29. f3 Be6 30. a3 Kf7 31. Nd8+ Kg6 32. Nxe6 Rf7 33. e5
Kh6 34. R1d4 Rfe7 35. Rh4+ Kg6 36. Nf4+ Kg5 37. Rg4+ Kh6 38. e6 g5 39. Nd5 Rg7
40. Nxf6 Kg6 41. Nxe8 1-0

[Event "Tournoi Skype 026B"]
[Site "Skype"]
[Date "????.??.??"]
[Round "5.21"]
[White "Sanchez Padilla, Armando Edilber"]
[Black "Mimouni, Driss"]
[Result "1-0"]
[WhiteElo "1324"]
[BlackElo "1052"]
[PlyCount "101"]

1. e4 e5 2. Nf3 Nc6 3. Bb5 a6 4. Ba4 b5 5. Bb3 d6 6. Bd5 Bb7 7. d3 Nge7 8. Bb3
d5 9. Ng5 Nd4 10. c3 Nxb3 11. Qxb3 Ng6 12. c4 dxc4 13. dxc4 Bc6 14. cxb5 Qe7
15. bxc6 Qb4+ 16. Nc3 Qxb3 17. axb3 Bb4 18. O-O Bxc3 19. bxc3 O-O 20. b4 h6 21.
Nf3 Nf4 22. Re1 Nd3 23. Re3 Nxc1 24. Rxc1 Rfd8 25. Nxe5 f6 26. Ng6 Rd6 27. Ne7+
Kf7 28. e5 fxe5 29. Rxe5 Rad8 30. Ree1 g5 31. g3 Kf6 32. c4 Re6 33. Nd5+ Kf7
34. Rxe6 Kxe6 35. Nxc7+ Kf7 36. Nxa6 h5 37. b5 h4 38. g4 Rd4 39. f3 Kf6 40. b6
Rd3 41. c7 Rxf3 42. c8=Q Rf4 43. Qc6+ Ke5 44. Re1+ Kd4 45. Qc5+ Kc3 46. Qb4+
Kd4 47. Qd2+ Kxc4 48. Rc1+ Kb5 49. Rc5+ Kxa6 50. Qa5+ Kb7 51. Qa7# 1-0

[Event "Tournoi Skype 026B"]
[Site "Skype"]
[Date "????.??.??"]
[Round "5.22"]
[White "Le Bouill, Pierre"]
[Black "Milanese, Serge"]
[Result "0-1"]
[WhiteElo "1198"]
[BlackElo "1311"]
[PlyCount "32"]

1. e4 e5 2. Nf3 Nc6 3. Bc4 Bc5 4. d3 Nf6 5. Ng5 d5 6. exd5 Nxd5 7. Nc3 Be6 8.
Nxe6 fxe6 9. Qh5+ g6 10. Qf3 Nd4 11. Qd1 c6 12. a3 Qh4 13. Be3 Nxe3 14. Qd2
Nexc2+ 15. Kf1 Nxa1 16. Bxe6 Nxe6 0-1

[Event "Tournoi Skype 026B"]
[Site "Skype"]
[Date "????.??.??"]
[Round "5.23"]
[White "Schnell, Nicolas"]
[Black "Yilmazer, Seher"]
[Result "0-1"]
[WhiteElo "1006"]
[BlackElo "1295"]
[PlyCount "44"]

1. e4 c5 2. e5 Nc6 3. Nf3 d6 4. d4 cxd4 5. Bg5 dxe5 6. Bc4 e4 7. Ng1 e3 8. Qf3
Qa5+ 9. Nc3 Nf6 10. Qe2 dxc3 11. Bxf6 cxb2+ 12. Kf1 gxf6 13. Rb1 exf2 14. Qxf2
Bh6 15. Rxb2 Qc3 16. Bxf7+ Kxf7 17. g3 Qxb2 18. Ne2 Bh3+ 19. Ke1 Qb4+ 20. Nc3
Qxc3+ 21. Kd1 Bg4+ 22. Qe2 Qa1# 0-1

[Event "Tournoi Skype 026B"]
[Site "Skype"]
[Date "????.??.??"]
[Round "5.24"]
[White "Erten, Ozlem"]
[Black "Abate, Luigi"]
[Result "1-0"]
[WhiteElo "1278"]
[BlackElo "1000"]
[PlyCount "167"]

1. d4 d5 2. Nc3 Nf6 3. Bg5 Bf5 4. Nf3 Nc6 5. e3 Nb4 6. Bd3 e6 7. e4 dxe4 8.
Bxe4 Be7 9. Bxf5 exf5 10. O-O h6 11. Bh4 O-O 12. a3 Nbd5 13. Nxd5 Qxd5 14. Re1
Rae8 15. Re5 Qc6 16. Rxf5 Qe4 17. Re5 Qg6 18. Qd2 Bd6 19. Rxe8 Rxe8 20. c3 Re4
21. h3 a6 22. Re1 Bf4 23. Qd3 Rxe1+ 24. Nxe1 Qh5 25. Bg3 g5 26. Bxf4 gxf4 27.
Qf3 Qxf3 28. Nxf3 Ne4 29. Nh4 c6 30. f3 Ng5 31. Kf2 Kh7 32. Ke2 Kg7 33. Nf5+
Kg6 34. Nd6 b5 35. b4 Ne6 36. Ne4 Kf5 37. Nc5 Nc7 38. Kd3 Kf6 39. Ke4 Kg5 40.
Ke5 h5 41. Nd3 Na8 42. Nxf4 f6+ 43. Ke4 f5+ 44. Ke3 Nc7 45. Nd3 Nd5+ 46. Kd2
Nf4 47. Nc5 Nxg2 48. Nxa6 Nf4 49. Nb8 Nxh3 50. Nxc6 Nf4 51. Ne5 h4 52. d5 Nxd5
53. Ke1 h3 54. Kf2 Kh4 55. Kg1 Nxc3 56. Kh2 Ne2 57. Ng6+ Kg5 58. Ne5 Kh4 59.
Ng6+ Kg5 60. Ne5 Nf4 61. Nf7+ Kf6 62. Nd6 Nd5 63. Nxb5 Nb6 64. Kxh3 Ke6 65.
Nd4+ Ke5 66. Nc6+ Kf4 67. Kg2 Ke3 68. Ne7 Kf4 69. b5 Ke5 70. Kg3 f4+ 71. Kg4
Nc4 72. a4 Kf6 73. Nd5+ Ke5 74. Nxf4 Kd6 75. Nd3 Kd5 76. f4 Kd4 77. Nb4 Kc3 78.
Nd5+ Kb3 79. b6 Nxb6 80. Nxb6 Kb4 81. f5 Ka5 82. Nd5 Kxa4 83. f6 Kb5 84. f7 1-0

[Event "Tournoi Skype 026B"]
[Site "Skype"]
[Date "????.??.??"]
[Round "5.26"]
[White "Vervoort, Jean-Louis"]
[Black "Clemente Alcahua, Kaparso"]
[Result "0-1"]
[WhiteElo "1224"]
[BlackElo "1000"]
[PlyCount "58"]

1. d4 d5 2. Bf4 e6 3. e3 Bd6 4. Bg3 Nf6 5. Nf3 Nc6 6. c4 O-O 7. Nc3 Re8 8. Bd3
e5 9. dxe5 Bxe5 10. Nxe5 Nxe5 11. Bxe5 Rxe5 12. O-O Ng4 13. h3 Nh6 14. cxd5 Rg5
15. f4 Rg3 16. Rf3 Qh4 17. Rxg3 Qxg3 18. Qe1 Nf5 19. Bxf5 Qxe1+ 20. Rxe1 Bxf5
21. e4 Bd7 22. e5 g6 23. e6 fxe6 24. dxe6 Bc6 25. e7 Kf7 26. b4 a6 27. a4 b5
28. axb5 axb5 29. Re6 Kxe6 0-1

[Event "Tournoi Skype 026B"]
[Site "Skype"]
[Date "????.??.??"]
[Round "5.27"]
[White "Luna Perez Vico, Lorenzo"]
[Black "Hampton, Irene"]
[Result "1-0"]
[WhiteElo "1376"]
[BlackElo "1000"]
[PlyCount "21"]

1. e4 d5 2. exd5 Qxd5 3. Nc3 Qd7 4. Nf3 e6 5. d4 b6 6. Ne5 Qe7 7. Qf3 Nd7 8.
Qxa8 Qd8 9. Nc6 Qh4 10. Qxc8+ Qd8 11. Qxd8# 1-0

[Event "Tournoi Skype 026B"]
[Site "Skype"]
[Date "????.??.??"]
[Round "5.28"]
[White "Swanepoel, Karel"]
[Black "Borg, Anthony"]
[Result "0-1"]
[WhiteElo "1038"]
[BlackElo "1304"]
[PlyCount "58"]

1. e4 e6 2. d4 c6 3. c3 Nf6 4. e5 Nd5 5. Nf3 b5 6. a4 a6 7. axb5 cxb5 8. Bxb5
Bb7 9. O-O Be7 10. Ba4 O-O 11. c4 Nb6 12. Bb3 d6 13. Re1 d5 14. Nbd2 dxc4 15.
Nxc4 Nxc4 16. Bxc4 Nd7 17. Bf4 Nb6 18. Bb3 Rc8 19. Rc1 Rxc1 20. Qxc1 Bxf3 21.
gxf3 Qa8 22. Kg2 Nd5 23. Bg5 Rc8 24. Qd2 Qb7 25. Ba2 Bb4 26. Qe2 Bxe1 27. Qxe1
Qxb2 28. Bb1 h6 29. Bd2 Qxd4 0-1

[Event "Tournoi Skype 026B"]
[Site "Skype"]
[Date "????.??.??"]
[Round "5.29"]
[White "Moumtaz, Abderrahim"]
[Black "Tolaro, Filippa"]
[Result "1-0"]
[WhiteElo "1295"]
[BlackElo "1000"]
[PlyCount "91"]

1. d4 d5 2. c4 c6 3. Nc3 Bf5 4. Bf4 e6 5. e3 Nf6 6. f3 Be7 7. Bd3 Bxd3 8. Qxd3
Nbd7 9. Nh3 h6 10. O-O Nb6 11. b3 Bb4 12. e4 dxe4 13. fxe4 c5 14. d5 O-O 15.
Rad1 Nh5 16. Be3 Re8 17. Nf4 Nxf4 18. Rxf4 exd5 19. exd5 Qe7 20. Re4 Qf6 21.
Bd2 Rad8 22. Rxe8+ Rxe8 23. Ne4 Qe5 24. Re1 Bxd2 25. Qxd2 Qd4+ 26. Qxd4 cxd4
27. Nf6+ gxf6 28. Rxe8+ Kg7 29. Re2 d3 30. Rd2 Nd7 31. Rxd3 Ne5 32. Re3 Kf8 33.
d6 Ke8 34. c5 Kd7 35. Re4 Kc6 36. b4 Kd5 37. Rf4 Ke6 38. a4 Nd3 39. Rd4 Ne5 40.
b5 Nd7 41. c6 bxc6 42. bxc6 Nb6 43. c7 Ke5 44. Rd1 Ke6 45. d7 Nxd7 46. c8=Q 1-0

[Event "Tournoi Skype 026B"]
[Site "Skype"]
[Date "????.??.??"]
[Round "5.32"]
[White "Alverson, Ginny"]
[Black "Codina, Teresa"]
[Result "0-1"]
[WhiteElo "1083"]
[BlackElo "1227"]
[PlyCount "38"]

1. Nf3 d5 2. d4 Nf6 3. Nbd2 e6 4. e3 Bd6 5. Bb5+ c6 6. Bd3 O-O 7. O-O h6 8. c4
c5 9. dxc5 Bxc5 10. Qc2 Nc6 11. cxd5 Qxd5 12. Bc4 Qd8 13. Bb5 Qb6 14. Bxc6 Qxc6
15. Ne5 Qc7 16. Ng4 Nxg4 17. Nf3 Bd6 18. Qe4 Bxh2+ 19. Nxh2 Qxh2# 0-1

[Event "Tournoi Skype 026B"]
[Site "Skype"]
[Date "????.??.??"]
[Round "5.33"]
[White "Hargez, Dany"]
[Black "Trapletti, Cosetta"]
[Result "1-0"]
[WhiteElo "1217"]
[BlackElo "1047"]
[PlyCount "69"]

1. e4 e5 2. Nf3 Nc6 3. d4 d6 4. Bb5 Bd7 5. d5 Nd4 6. Bxd7+ Qxd7 7. Nxd4 exd4 8.
Qxd4 Be7 9. Qxg7 Bf6 10. Qg3 Be5 11. Qf3 Ne7 12. O-O c5 13. c3 Rg8 14. Qd3 Qg4
15. g3 Qh3 16. f4 Bxf4 17. Bxf4 Kd7 18. Nd2 Rg6 19. Nf3 Rag8 20. Kh1 Rg4 21. e5
Rxf4 22. Ng1 Rfg4 23. Nxh3 h6 24. Rxf7 Ke8 25. Qb5+ Kxf7 26. e6+ Kf6 27. Rf1+
Nf5 28. Qd3 h5 29. Qxf5+ Kg7 30. e7 Re8 31. Qf6+ Kg8 32. Qf7+ Kh8 33. Qxe8+ Kg7
34. Qxh5 Rg6 35. e8=Q 1-0

[Event "Tournoi Skype 026B"]
[Site "Skype"]
[Date "????.??.??"]
[Round "5.34"]
[White "Porcabeuf, Jean-Marc"]
[Black "Tupe, Jyoti"]
[Result "0-1"]
[WhiteElo "1208"]
[BlackElo "1000"]
[PlyCount "64"]

1. e4 e5 2. Nf3 Nc6 3. d4 d6 4. Bc4 Nf6 5. Nc3 exd4 6. Nxd4 Be6 7. Be2 Ne5 8.
Bf4 h6 9. Nxe6 fxe6 10. O-O Be7 11. h3 Nc6 12. Bh5+ Kd7 13. e5 Nxh5 14. Qxh5
Qe8 15. Qd1 Rf8 16. Qd2 Rd8 17. Rad1 g5 18. Bg3 Qg6 19. exd6 cxd6 20. Bxd6 Ke8
21. Nb5 a6 22. Nc3 Qf6 23. Qe2 Bxd6 24. Rd3 Qe5 25. Qxe5 Nxe5 26. Ne4 Nxd3 27.
Rd1 Nxb2 28. Nxd6+ Ke7 29. Nf5+ exf5 30. Re1+ Kd7 31. Re2 Rfe8 32. Rd2+ Kc7 0-1

[Event "Tournoi Skype 026B"]
[Site "Skype"]
[Date "????.??.??"]
[Round "5.35"]
[White "Roberts, Mario"]
[Black "Ramirez, Luis Antonio"]
[Result "1-0"]
[WhiteElo "1000"]
[BlackElo "1139"]
[PlyCount "131"]

1. e4 c5 2. Bc4 e6 3. Nf3 d6 4. d4 cxd4 5. Nxd4 Qc7 6. Nc3 Qxc4 7. Nf3 Nf6 8.
Nd2 Be7 9. Nxc4 O-O 10. O-O h6 11. Be3 Rd8 12. Nd2 Nc6 13. Qf3 Ne5 14. Qg3 g5
15. Qxg5+ hxg5 16. Bxg5 Kg7 17. Kh1 Ng6 18. Nf3 e5 19. g3 Be6 20. Rad1 Bc4 21.
Rg1 Be6 22. Nh4 Bg4 23. Rd2 Rd7 24. f3 Be6 25. b3 Rc8 26. Nxg6 fxg6 27. Ne2 Rh8
28. Rg2 Bd8 29. Be3 Ne8 30. Ng1 Rf7 31. g4 Ba5 32. Rdf2 Kf8 33. a3 Be1 34. Re2
Bh4 35. c4 Rfh7 36. Nh3 Bf6 37. Nf2 Be7 38. Rc2 Nf6 39. b4 Rh4 40. Bg5 Nxg4 41.
Bxh4 Rxh4 42. fxg4 Bg5 43. Rc3 Rh7 44. Rd3 Bxc4 45. Rxd6 Be7 46. Rxg6 Kf7 47.
g5 Kxg6 48. Ng4 Bd6 49. Ne3 Bd3 50. Rg4 Be2 51. Rg3 Be7 52. Nf5 Bc5 53. bxc5
Bd3 54. Rxd3 Kxg5 55. Kg2 Rh4 56. Nxh4 Kxh4 57. Rd6 Kg4 58. Rf6 Kg5 59. Rf1 b6
60. c6 a5 61. c7 b5 62. c8=Q b4 63. axb4 axb4 64. Qg8+ Kh6 65. Rf3 b3 66. Rh3#
1-0

[Event "Tournoi Skype 026B"]
[Site "Skype"]
[Date "????.??.??"]
[Round "5.36"]
[White "Trolese, Caterina"]
[Black "De Fazio, Monica"]
[Result "0-1"]
[WhiteElo "1000"]
[BlackElo "1136"]
[PlyCount "42"]

1. e4 d6 2. Nf3 Nc6 3. Bc4 Ne5 4. Nxe5 dxe5 5. O-O e6 6. Nc3 Bc5 7. d3 Nf6 8.
Bg5 h6 9. Bh4 Bd4 10. Qe2 g5 11. Bg3 a5 12. Rab1 h5 13. h4 Ng4 14. Nd1 gxh4 15.
Bh2 Qg5 16. c3 Bc5 17. Bb5+ Bd7 18. b4 Bxb5 19. bxc5 c6 20. d4 O-O-O 21. Qxb5
exd4 0-1

[Event "Tournoi Skype 026B"]
[Site "Skype"]
[Date "????.??.??"]
[Round "5.37"]
[White "Barrionuevo, Hilario"]
[Black "Gagnon, Sindy"]
[Result "1-0"]
[WhiteElo "1106"]
[BlackElo "1032"]
[PlyCount "77"]

1. d4 Nf6 2. Nc3 e6 3. Nf3 d6 4. Bg5 e5 5. d5 Be7 6. e4 h6 7. Bh4 O-O 8. h3 c6
9. Bd3 cxd5 10. exd5 e4 11. Bxe4 Qa5 12. Qd3 Nbd7 13. a3 Nc5 14. Qd4 Ncxe4 15.
Bxf6 Bxf6 16. Qxe4 Bxc3+ 17. bxc3 Qxc3+ 18. Ke2 g6 19. Rad1 Bf5 20. Qf4 Rfe8+
21. Kf1 Rac8 22. g4 Bxc2 23. Rd2 Qa1+ 24. Kg2 g5 25. Nxg5 hxg5 26. Qxg5+ Qg7
27. Qf4 Qc3 28. Rc1 Qxd2 29. Qxd2 Be4+ 30. f3 Rb8 31. fxe4 Rxe4 32. Qg5+ Kf8
33. Rf1 Re2+ 34. Kg3 Rc8 35. Rf6 Rc3+ 36. Kh4 Ke7 37. Rf5+ Kd7 38. Rxf7+ Ke8
39. Qg8# 1-0

[Event "Tournoi Skype 026B"]
[Site "Skype"]
[Date "????.??.??"]
[Round "5.39"]
[White "Clayton, Estelita"]
[Black "Marty, Yvette"]
[Result "1-0"]
[WhiteElo "1000"]
[BlackElo "1000"]
[PlyCount "35"]

1. d4 d5 2. c3 c6 3. h3 e6 4. e3 Nf6 5. Nf3 g6 6. Be2 Bg7 7. O-O Ne4 8. Na3 O-O
9. Ne1 a6 10. Bd3 Nd6 11. f3 Nf5 12. Bxf5 exf5 13. f4 Re8 14. Nf3 Rxe3 15. Bxe3
Nd7 16. Bf2 Nf6 17. Bh4 Nh5 18. Bxd8 1-0

[Event "Tournoi Skype 026B"]
[Site "Skype"]
[Date "????.??.??"]
[Round "6.1"]
[White "Ortiz, Vladimir"]
[Black "Santos, Joselito"]
[Result "1-0"]
[WhiteElo "1432"]
[BlackElo "1346"]
[PlyCount "131"]

1. d4 g6 2. c3 Bg7 3. Bf4 f5 4. Nf3 e6 5. Bg5 Nf6 6. Nbd2 O-O 7. e4 fxe4 8.
Nxe4 d6 9. Nxf6+ Bxf6 10. Bxf6 Qxf6 11. Be2 Nd7 12. O-O b6 13. Qd2 Bb7 14. Qg5
Bxf3 15. Qxf6 Rxf6 16. Bxf3 d5 17. Rae1 c6 18. Bg4 Nf8 19. h4 h5 20. Bd1 a5 21.
Re2 b5 22. a4 Kg7 23. axb5 cxb5 24. Rfe1 a4 25. Bc2 a3 26. Ra1 Rf7 27. Bd3 Rfa7
28. bxa3 Rxa3 29. Rxa3 Rxa3 30. Bxb5 Rxc3 31. Rd2 Rb3 32. Be2 Rb4 33. g4 Kh6
34. Kg2 Nd7 35. Kg3 Nb6 36. Kf4 Nd7 37. gxh5 e5+ 38. Ke3 Rb3+ 39. Rd3 Rxd3+ 40.
Kxd3 e4+ 41. Ke3 gxh5 42. Kf4 Kg6 43. Bb5 Nf6 44. Bc6 Ng4 45. Bxd5 Nxf2 46.
Bxe4+ Nxe4 47. Kxe4 Kf6 48. d5 Ke7 49. Kf5 Kd6 50. Kg5 Kxd5 51. Kxh5 Ke6 52.
Kg6 Ke7 53. Kg7 Ke6 54. h5 Kf5 55. h6 Kg5 56. h7 Kg4 57. h8=Q Kg3 58. Kf6 Kf3
59. Qh4 Ke3 60. Ke5 Kd3 61. Qe4+ Kd2 62. Kd4 Kd1 63. Kd3 Kc1 64. Qe2 Kb1 65.
Kc3 Kc1 66. Qe1# 1-0

Qe1# 1-0

[Event "Tournoi Skype 026B"]
[Site "Skype"]
[Date "????.??.??"]
[Round "6.2"]
[White "Couto, Januario"]
[Black "Zenini, Simone"]
[Result "1/2-1/2"]
[WhiteElo "1448"]
[BlackElo "1458"]
[PlyCount "32"]

1. e4 c5 2. c3 Nc6 3. Nf3 d6 4. Be2 Nf6 5. d4 cxd4 6. Nxd4 e6 7. O-O Be7 8. Re1
O-O 9. Qd3 e5 10. Nf3 Bd7 11. Nbd2 a6 12. Nc4 Be6 13. Ne3 Rc8 14. Nd5 b5 15.
Nxe7+ Nxe7 16. b3 Qc7 1/2-1/2

[Event "Tournoi Skype 026B"]
[Site "Skype"]
[Date "????.??.??"]
[Round "6.3"]
[White "Castellar, Juarez Iorio"]
[Black "Galani, Mahendra"]
[Result "0-1"]
[WhiteElo "1294"]
[BlackElo "1437"]
[PlyCount "86"]

1. d4 d5 2. Bf4 c6 3. e3 Nf6 4. Be2 e6 5. c3 Qb6 6. Qb3 Qa5 7. Nd2 Nbd7 8. Ngf3
Nh5 9. Bg3 Nhf6 10. Ne5 Nxe5 11. dxe5 Nd7 12. Nf3 Nc5 13. Qc2 Ne4 14. b4 Qb6
15. O-O Nxg3 16. hxg3 Be7 17. Rad1 Bd7 18. a3 c5 19. Rc1 cxb4 20. cxb4 Rc8 21.
Qb2 O-O 22. Nd4 a5 23. b5 a4 24. Rc2 Rxc2 25. Nxc2 Rc8 26. Rc1 Rc5 27. Nd4 Qc7
28. Nc2 Qa5 29. Nd4 Qc7 30. Nc2 f6 31. f4 Qa5 32. Nd4 fxe5 33. fxe5 Qb6 34. Rf1
Qc7 35. Nf3 Rc2 36. b6 Qc5 37. Qd4 Qxa3 38. Qd3 Rc3 39. Qd2 Rxe3 40. Kh2 Bb4
41. Qc2 Rc3 42. Qd1 Qb2 43. Nd4 Re3 0-1